000
00359nam a2200169Ia 4500
001
20451
005
20250626030204.0
008
211022s9999 xx 000 0 und d
082
_a
759.4 MAS
100
_a
Masini, Lara Vinca
245
0
_a
Georges Braque.
260
_a
Firenze
260
_b
Sadea Sansoni
260
_c
1969
300
_a
95
942
_c
BK
999
_c
8166
_d
8166